The toxicity and potential dangers of methyl bromide with special reference to its use in the chemical industry, (Record no. 37834)

MARC details
000 -LEADER
fixed length control field 00784cam a22002171 4500
001 - CONTROL NUMBER
control field med46000069
003 - CONTROL NUMBER IDENTIFIER
control field DLC
005 - DATE AND TIME OF LATEST TRANSACTION
control field 20260227111556.0
008 - FIXED-LENGTH DATA ELEMENTS--GENERAL INFORMATION
fixed length control field 830617s1946 dcua 000 0 eng
010 ## - LIBRARY OF CONGRESS CONTROL NUMBER
LC control number med46000069
035 ## - SYSTEM CONTROL NUMBER
System control number (OCoLC)29164684
040 ## - CATALOGING SOURCE
Original cataloging agency DLC
Transcribing agency MnU-B
Modifying agency OCoLC
-- DLC
050 00 - LIBRARY OF CONGRESS CALL NUMBER
Classification number RA421
Item number .U4 no. 185
100 1# - MAIN ENTRY--PERSONAL NAME
Personal name Von Oettingen, W. F.
Fuller form of name (Wolfgang Felix),
Dates associated with a name 1888-
245 14 - TITLE STATEMENT
Title The toxicity and potential dangers of methyl bromide with special reference to its use in the chemical industry,
260 ## - PUBLICATION, DISTRIBUTION, ETC.
Place of publication, distribution, etc. Washington,
Name of publisher, distributor, etc. U.S. Govt. print. off.,
Date of publication, distribution, etc. 1946.
300 ## - PHYSICAL DESCRIPTION
Extent 1 p.l., 41 p.
Other physical details incl. tables, diagrs.
Dimensions 23 cm.
650 #0 - SUBJECT ADDED ENTRY--TOPICAL TERM
Topical term or geographic name entry element Bromomethane.
710 2# - ADDED ENTRY--CORPORATE NAME
Corporate name or jurisdiction name as entry element Industrial Hygiene Research Laboratory (U.S.)
830 #0 - SERIES ADDED ENTRY--UNIFORM TITLE
Uniform title National Institute of Health bulletin ;
Volume/sequential designation no. 185.

No items available.

Powered by Koha